00575nam a2200181 a 450000100100000000500170001000800410002704000250006808200170009310000440011024500690015426000360022330000280025950000560028765000160034365000140035965000200037300000428420200929151424.0090721s1993 dr a 000 0 spa d aDO-SdBNPbspacBNPHU a133.9bM385c1 aMartínez Cedeño, Hector Luisd1935-10a¿Conoce usted la energía? /cHector Luis Martínez Cedeño. aSanto Domingo :bTaller,c1993. a230 p. :bil. ;c21 cm. aIncluye datos biográficos del autor en la solapa. 4aEspiritismo 4aOcultismo 4aLo sobrenatural